000
00381nam a2200145Ia 4500
008
100122s9999 xx 000 0 und d
082
_b
17112
_a
823
100
_a
फडके ना सी
245
_a
चाहूल
260
_b
परचुरे प्रक ाशन
_c
1970
300
_a
300
630
_a
चाहूल
730
_a
चाहूल
942
_c
BOOK
999
_c
406928
_d
406925